[Event "Dos Hermanas op 4th"]
[Site "Dos Hermanas"]
[Date "2004.03.29"]
[Round "5"]
[White "Milov, Vadim"]
[Black "Borovikov, Vladislav"]
[Result "1-0"]
[WhiteElo "2632"]
[BlackElo "2578"]
[Annotator "Milov,V"]
[PlyCount "65"]
[EventDate "2004.03.25"]
[EventType "swiss"]
[EventRounds "9"]
[EventCountry "ESP"]
[SourceTitle "CBM 099 Extra"]
[Source "ChessBase"]
[SourceDate "2004.05.04"]
[SourceVersion "1"]
[SourceVersionDate "2004.05.04"]
[SourceQuality "1"]

1. d4 d5 2. c4 c6 3. Nc3 Nf6 4. e3 e6 5. Nf3 Nbd7 6. Bd3 dxc4 7. Bxc4 b5 8. Bd3
a6 9. e4 c5 10. e5 cxd4 11. Nxb5 axb5 12. exf6 gxf6 13. O-O Qb6 14. Qe2 Ba6 (
14... b4 15. Rd1 Bc5 16. Bf4 h5 $5 17. Rac1 Rg8 18. Bg3 Rxa2 19. Nxd4 (19. Bb5
$6 Ke7 20. Nxd4 Bxd4 21. Qc4 (21. Rc6 Rxb2 22. Bd6+ Kd8 23. Qc4 Bb7) 21... Rxg3
$1 22. hxg3 Bxf2+ 23. Kh1 Rxb2 $19 {Milov,V-Filippov,V Merida 2002}) 19... h4
20. Bxh4 Bb7 21. Nf3 Rxb2 22. Qxb2 Bxf3 23. Bf1 Bxd1 24. Rxd1 Rg4 25. Bg3 $13)
15. Rd1 Rd8 16. b4 $5 Bxb4 17. Rb1 Bc3 18. a4 $1 $146 Nc5 19. Bxb5+ Bxb5 20.
Rxb5 Qa6 (20... Qc6 21. Qc4 Rc8 (21... Rg8 22. Rxc5 Qxf3 23. Qb5+ Kf8 24. Bh6+
$18) 22. Nxd4 Bxd4 23. Qxd4 Rg8 24. g3 $16) (20... Qc7 21. Ba3 (21. Qc4 Na6) (
21. Bh6 $5) 21... Nxa4 (21... d3 22. Qe3) 22. Rdb1 $16) (20... Qa7 21. Ba3 (21.
Bh6 $5 d3 22. Qf1) 21... d3 (21... Nxa4 22. Rdb1 Qa6 (22... d3 23. Qe4) 23. Qc4
Rc8 24. Qb3 $16) (21... Nd7 22. Qc4 Qa6 23. Nxd4 $16) 22. Bxc5 dxe2 (22... Qxa4
23. Rxd3 Qa1+ 24. Ne1) 23. Rxd8+ Kxd8 24. Bxa7 Kd7 25. Be3 e1=Q+ 26. Nxe1 Bxe1
27. Rb7+ Kd6 28. Kf1 Bc3 29. Rxf7 $16) 21. g3 $1 (21. Ba3 d3 22. Qf1 Qxa4 $17)
(21. Qc4 $2 Qxa4) (21. h3 Rg8 $13) 21... d3 $6 (21... Qc6 $5 22. Ne5 $5 Qe4 23.
Qxe4 Nxe4 24. Nc6 Rc8 25. Ba3 Rxc6 26. Rb8+ Kd7 27. Rxh8 Ra6 $13) (21... Nxa4
22. Nxd4 $16 Bxd4 23. Rxd4 Rxd4 $4 24. Rb8+) 22. Qf1 (22. Qa2 $2 Qxa4) (22. Qe3
$2 Nxa4) 22... Qc6 (22... Nxa4 23. Rxd3 Rc8 24. Ba3 Nb6 25. Rb3 Nd5 26. Qb1 Qc4
27. Rb5 $40) 23. Ba3 (23. Be3 $6 Nxa4 24. Rxd3 O-O) 23... Qxf3 24. Bxc5 $16 (
24. Rxc5 Bd4 {/\ 25...Bf2}) 24... Qe4 {/\ 25.Rb3} (24... Bd4 $2 25. Bxd4 Rxd4
26. Rb8+) 25. a5 (25. Rb3 Qc4) 25... Rg8 (25... Qc4 26. Rdb1) (25... Qc6 26.
Rxd3 $18) (25... h5 26. a6 h4 27. Qg2 (27. Rb7 Be5 28. Re7+ Kf8 29. Rd7+ Kg7
30. Qxd3 $18) 27... Qxg2+ 28. Kxg2 d2 29. a7 Kd7 30. Rb3 Ba5 31. Ra3 $18) 26.
a6 (26. Bb6 $5) 26... Rg5 (26... Qc4 27. Rxd3 $1 Qxd3 (27... Rxd3 28. a7 Kd7
29. Rb7+ $1 (29. Rb8 Rgxg3+ 30. hxg3 Rxg3+ 31. fxg3 Qxc5+ 32. Qf2 Bd4 33. a8=Q
Bxf2+ 34. Kg2 Bxg3 35. Rd8+ Ke7 36. Re8+ Kd7) 29... Kc6 30. Rb8 $18) 28. Qxd3
Rxd3 29. Rb8+ Rd8 30. a7 Kd7 31. a8=Q Rxb8 32. Qa4+ Kc7 33. Qc4 (33. Qc2 Be5
34. f4 (34. Ba7+ $2 Kd7 35. Bxb8 Rxb8 36. Qxh7 Ke7 $14)) 33... Be5 34. f4 Bd6
35. Ba3+ Kd7 36. Qd4 $18) 27. a7 $18 d2 (27... Rxc5 28. Rxc5 Bd4 29. Qxd3 $1
Bxf2+ 30. Kxf2 Rxd3 31. Rxd3 $18) 28. Be3 Rgd5 (28... Rxb5 29. Qxb5+ Kf8 30.
Qc5+) 29. Rb8 Qa4 30. Bb6 Bd4 31. a8=Q Qxa8 32. Rxa8 Rxa8 33. Bxd4 (33. Bxd4
Rxd4 34. Qb5+ Rd7 35. Rxd2 Raa7 36. Rxd7 Rxd7 37. Qh5) 1-0

[Event "SUI-chT"]
[Site "Switzerland"]
[Date "1999.??.??"]
[Round "7.3"]
[White "Pelletier, Yannick"]
[Black "Domont, Alexandre"]
[Result "1-0"]
[WhiteElo "2479"]
[BlackElo "2399"]
[Annotator "Pelletier,Y"]
[PlyCount "51"]
[EventDate "1999.01.??"]
[EventType "team-tourn"]
[EventRounds "9"]
[EventCountry "SUI"]
[SourceTitle "EXT 2001"]
[Source "ChessBase"]
[SourceDate "2000.11.22"]
[SourceVersion "1"]
[SourceVersionDate "2000.11.22"]
[SourceQuality "1"]

1. d4 d5 2. c4 c6 3. Nc3 Nf6 4. e3 e6 5. Nf3 Nbd7 6. Bd3 dxc4 7. Bxc4 b5 8. Bd3
a6 9. e4 c5 10. e5 cxd4 11. Nxb5 axb5 12. exf6 gxf6 13. O-O Qb6 14. Qe2 Ra5 $6
{Mit diesem Zug erklärte Alex Domont nach der Partie, dass er im das Feld c4
nicht schwächen wollte.} (14... b4 15. Bf4 $5 {Wells-M.Müller, BL 1998/99.})
15. Rd1 {[%cal Gd1d8]} (15. Bf4 Bb7 (15... Nc5 16. Rfd1) 16. Rfc1 Bd6 17. Bxd6
Qxd6 18. Be4 $1 $16 {Cs.Horvath-Acs, Ungarn-ch 1999}) 15... Bb7 16. Bf4 Nc5 ({
Auf} 16... e5 {folgt stark} 17. Nxd4 $1 (17. Nxe5 $6 fxe5 18. Bxe5 Rg8 19. Bc7+
Qe6 20. Qxe6+ fxe6 21. Bxa5 Bxg2 22. f4 Bh6 {bereitet Weiss hingegen keine
Freude.}) ({aber interessant ist ebenfalls} 17. Bg3 $5 Be7 18. Nh4 b4 19. Nf5
Nc5 20. Nxe7 Nxd3 21. Nf5 {mit gefährlicher Initiative.}) 17... Qxd4 18. Bxb5
Qxf4 19. Rxd7 {mit Gewinn.}) 17. Nxd4 Nxd3 18. Qxd3 Rg8 (18... Bd5 19. Rac1 {
ist ähnlich zur Partiefolge}) ({, während} 18... Be7 $2 19. b4 Ra4 20. Nxb5 {
glatt verliert.}) (18... Bc5 $6 {erlaubt seinerseits den Schlag} 19. Nxe6 $1
Bxf2+ 20. Kf1 Bxg2+ 21. Kxg2 Rg8+ 22. Kf1 Rg1+ 23. Ke2 {mit weissem Gewinn.})
19. Bg3 Bd5 (19... Bc5 {wird erneut mit} 20. Nxe6 $1 {bestraft, man siehe} (20.
b4 $2 Bxd4 21. bxa5 Qc6 $36) 20... fxe6 (20... Bxf2+ 21. Kf1 Bxg2+ 22. Kxg2
Rxg3+ 23. hxg3 $18) 21. Qd7+ Kf8 22. Rd6 $1 Rg7 (22... Bxf2+ 23. Kf1 Bxg2+ 24.
Kxg2) (22... Rxg3 23. Rxb6 Rxg2+ 24. Kh1 $1) 23. Qxe6 $18) 20. Rac1 b4 $2 (
20... Rxa2 $2 21. Nxb5 Rxg3 (21... Bc5 22. Nc7+ Kf8 23. Nxd5 exd5 24. Qxd5 Rxg3
25. Rxc5 $1 $18) 22. Qxg3 $1 Qxb5 23. Rc8+ Ke7 24. Qg8 {ist auch Schluss}) ({
aber} 20... Bc4 21. Qd2 Ra8 22. a4 $1 Rd8 23. Qc3 $16 {erlaubte sicher noch
Widerstand.}) 21. Rc8+ (21. Qxh7 $6 {sieht besser aus, als es in der Tat ist:}
Rg7 (21... Rxg3 22. hxg3 (22. Rc8+ $2 Kd7 23. Qxf7+ Kxc8 24. Qxf8+ Kb7 25. hxg3
Rxa2 26. Qe7+ $13) 22... Bc5 23. Qg8+ Ke7 24. Qc8 $1 $18) 22. Rc8+ Kd7 23. Qh8
Rxg3 $1 24. hxg3 Kxc8 25. Qxf8+ Kb7 26. Qe7+ Ka6 {. Weiss hat nach} 27. a3 {
die besseren Aussichten, aber der Kampf geht weiter.}) 21... Kd7 22. Rdc1 Rxg3
({Oder} 22... Rc5 23. R1xc5 Bxc5 24. Rxg8 Bxd4 25. Qxh7 e5 26. Qf5+ $18) 23.
Qxg3 Bc5 (23... Rc5 24. R8xc5 Bxc5 25. Nb3 $18) 24. Rb8 Qc7 25. Qg8 Kd6 26.
Rd8+ 1-0

[Event "Interzonal-14a"]
[Site "Subotica"]
[Date "1987.??.??"]
[Round "4"]
[White "Speelman, Jonathan S"]
[Black "Ribli, Zoltan"]
[Result "1-0"]
[WhiteElo "2550"]
[BlackElo "2580"]
[Annotator "Ribli,Z"]
[PlyCount "67"]
[EventDate "1987.06.??"]
[EventType "tourn"]
[EventRounds "17"]
[EventCountry "YUG"]
[EventCategory "11"]
[SourceTitle "CBM 003"]
[Source "ChessBase"]
[SourceDate "1988.04.01"]
[SourceVersion "1"]
[SourceVersionDate "1988.04.01"]
[SourceQuality "1"]

1. d4 d5 2. Nf3 Nf6 3. c4 c6 4. Nc3 e6 5. e3 Nbd7 6. Bd3 dxc4 7. Bxc4 b5 8. Bd3
a6 9. e4 c5 10. e5 cxd4 11. Nxb5 Ng4 12. Qa4 Ngxe5 13. Nxe5 Nxe5 14. Nd6+ Ke7
15. Nxc8+ Rxc8 16. Bxa6 Ra8 17. Qb5 Qd5 (17... f6 18. O-O Kf7 19. f4 $1 $16)
18. Qxd5 exd5 19. Bb5 Kf6 20. O-O $1 $14 (20. Ke2) 20... Bb4 $6 (20... Bd6 $5)
21. Bf4 Rhc8 22. a4 Nc4 (22... g5 23. Bxg5+ Kxg5 24. f4+ Kf6 25. fxe5+ Kxe5 26.
Rxf7 $18) 23. Rad1 $1 (23. Rfd1 g5 $1 24. Bc1 Na5 $1 $13) 23... Nxb2 $2 (23...
g5 $1 24. Bc1 Bc5 $1 25. b3 Nd6 26. Bd3 Rab8 $13) 24. Rxd4 Bc3 25. Rxd5 h6 (
25... g6 $2 26. Rc1 Nxa4 27. Rd3 Ra5 28. Bxa4 Rxa4 29. Be3 $18) 26. Rd6+ Ke7
27. Rd7+ Kf8 (27... Kf6 28. Bc7 Nxa4 $2 29. Bc6 Ra7 30. Bd8+ $18) 28. Ra1 Bf6
29. g3 $1 Kg8 (29... Nd3 30. Bd6+ Kg8 31. Ra3 Nc5 32. Rc7 $18) 30. Ra3 Rc5 31.
Rb7 Bd4 32. Be3 $1 Bxe3 33. Rxe3 $18 Nxa4 34. Ra3 $1 (34. Ra3 $1 Ra5 35. Bxa4
Rc4 36. Bc2 $1) 1-0

[Event "Linares 14th"]
[Site "Linares"]
[Date "1997.02.16"]
[Round "11"]
[White "Gelfand, Boris"]
[Black "Shirov, Alexei"]
[Result "1/2-1/2"]
[WhiteElo "2700"]
[BlackElo "2690"]
[Annotator "Shirov,A"]
[PlyCount "87"]
[EventDate "1997.02.04"]
[EventType "tourn"]
[EventRounds "11"]
[EventCountry "ESP"]
[EventCategory "18"]
[SourceTitle "CBM 057"]
[Source "ChessBase"]
[SourceDate "1997.04.01"]
[SourceVersion "1"]
[SourceVersionDate "1997.04.01"]
[SourceQuality "1"]

1. d4 {Gelfand} d5 2. c4 c6 3. Nc3 Nf6 4. Nf3 e6 5. e3 Nbd7 6. Bd3 dxc4 7. Bxc4
b5 8. Bd3 a6 9. e4 c5 10. e5 cxd4 11. Nxb5 axb5 12. exf6 gxf6 13. O-O Qb6 14.
Qe2 Ba6 (14... b4 {Gelfand} 15. Rd1 Ra5 $6 {><b5} (15... e5 $5) 16. Bf4 $1 {
/\ Rac1 ><c7, Bc8} Bc5 (16... Nc5 $5 17. Rac1 $44 {|^}) 17. Nd2 $1 Bb7 (17...
Ba6 18. Nb3 $16) 18. Rac1 {/\ 19.Nc4 Qc6 20.Nd6} Rg8 (18... e5 $8 19. Bg3 {
/\ f4|^}) 19. f3 Bd5 20. Kh1 {1-0 Zajogin,A-Wallace,J/Stockholm 64/413 1995 
(27)}) 15. Rd1 $1 {A very strong move which i was not familiar with. It had
already occured before in the game Romanov-Zontakh, Pardubice 1995 and Black
reacted the same bad way as I did.} Bc5 $6 {almost anything else should have
been preferred.} (15... Nc5 {Gelfand: Romanov,O} 16. Nxd4 Nxd3 17. Qxd3 (17.
Rxd3 $2 b4 $1 (17... Rd8 $2 18. Nxe6 $1 $18) 18. Qf3 Rd8 $19) 17... Rd8 18. Be3
e5 (18... Bc5 19. Qe4 {/\ b4}) 19. Re1 Be7 (19... exd4 $2 20. Bxd4+ Be7 21. Qa3
$1 $18) 20. Nf5 Rxd3 21. Bxb6 $16 {Romanov,O}) 16. a3 {Here I started thinking
and realised that my position was almost utterly hopeless. Finally I managed
to find a trick though.} Bb7 {A typical example of Black's difficulties would
be the above mentioned game which continued} (16... Bd6 17. b4 Ne5 18. Be4 Bb7
19. Nxd4 Bxe4 20. Qxe4 Rd8 21. Be3 {and White duly won.}) 17. Bxb5 (17. Bf4 {
Gelfand} b4 18. axb4 Rxa1 19. Rxa1 Qxb4 $44) (17. b4 {Gelfand} Bxb4 (17... Be7
18. Bxb5 Rg8 {-game}) 18. Rb1 Bc5 19. Bxb5 $40) 17... Rg8 {Only by creating
some threats can Black hope for anything. The vulnerable point in White's
position is the g2 pawn but, in fact it shouldn't be difficult to defend it.} (
17... Ke7 {Gelfand} 18. Bxd7 Kxd7 19. b4 (19. Nxd4 Rag8 (19... Bxd4 20. Qg4)
20. Nxe6+ Kc8 21. Nf4 Qc6 $132 (21... Rxg2+ 22. Nxg2 Rg8 23. Bg5 $18)) 19...
Bxf3 20. bxc5 (20. Qxf3 Be7 21. Bb2 e5 22. Qd5+ (22. Bxd4 exd4 23. Qd5+ Kc7)
22... Qd6 23. Qxf7 Rag8 $16) 20... Bxe2 21. Rxd4+ Kc6 22. cxb6 $16) 18. b4 {
Even stronger would be} (18. Bf4 $16 e5 {Gelfand} 19. Bg3 Be7 (19... O-O-O 20.
b4 Bd6 21. a4) 20. Re1 (20. Rac1 Ba6) (20. b4) 20... O-O-O (20... Ba6 21. Nxd4)
21. Rac1+ Kb8 22. Nxd4 Qxd4 23. Red1 Qa7 24. Bxd7 Bxg2 25. Bc6 Rxd1+ 26. Qxd1
Bxc6 27. Rxc6 $16) 18... Be7 (18... Bxb4 {Gelfand} 19. Rb1) (18... Bd6 {Gelfand
} 19. Bb2 Ke7 20. Bxd7 Kxd7 21. Bxd4 Qc6 22. Bc5 Qxf3 23. Rxd6+ Kc7 24. Qxf3
Bxf3 25. g3 $16) 19. Rxd4 $2 {Overlooking Black's idea.} (19. Bf4 $1 e5 20. Bg3
{would be a very safe way to keep a large advantage.} Bc6 21. Bxc6 {Gelfand}
Qxc6 22. Re1 $1 Qe6 23. Qe4 $18) 19... Qxd4 $3 {Only so! After} (19... Rxg2+
20. Kf1 $1 {White would have things more than in order, for example} Rd8 (20...
Bxf3 21. Bxd7+ Kd8 22. Qd3 $18) (20... Bd6 {Gelfand} 21. Be3) 21. Be3 (21. Rxd7
$4 {Gelfand} Rxf2+) (21. Bxd7+ {Gelfand} Rxd7 22. Rxd7 Ba6) 21... Bxf3 22. Qxf3
Rxf2+ (22... Rg8 23. a4 $18) 23. Kxf2 Qxb5 24. Rg1 $18) 20. Nxd4 Bxg2 {[#]
Having temporarily sacrificed queen Black is nevertheless going to win it back
unless White allows perpetual.} 21. Qe3 {After the game we looked a bit at
other variations but failed to find White's advantage, for example} (21. Bc6 $2
Bxc6+ $1 {(not} (21... Bf3+ $2 22. Kf1 Bxe2+ 23. Kxe2 $44 {and Black's
position is unnattractive}) 22. Kf1 Bg2+ 23. Ke1 Bxb4+ $15 {or} (23... Bd5 {
Gelfand})) (21. Bf4 $5 Bf3+ 22. Kf1 Bxe2+ 23. Nxe2 e5 $1 (23... Bxb4 24. Rd1
Rxa3 25. Rxd7) 24. Be3 f5 $1 $13 {and White has a good compensation for the
exchange but probably no more} (24... f5 $1 {Gelfand} 25. f4 O-O-O $13 (25...
Bxb4 26. Bxd7+ (26. Rd1 Rxa3 27. Rxd7 Kf8 28. Kf2) 26... Ke7 27. Bxf5)) (24...
O-O-O 25. Ng3)) 21... Bh3+ 22. Kh1 Bg2+ 23. Kg1 Bh3+ 24. Qg3 $5 {Of course,
Boris is not a player who would call it a day so easily.} Rxg3+ 25. hxg3 Bxb4 {
If not this pawn capture, the whole Black's combination would still be
senseless.} 26. Bb2 Bc5 $1 {Precision is still needed!} (26... Bd6 $2 27. Rd1
$16 {is bad for Black.}) 27. a4 (27. Kh2 {Gelfand} Bg4 28. f3 Bxd4 29. Bxd4
Bxf3 30. Bxf6 Be2 $1) 27... e5 28. Nc6 $1 {Setting up more problems for Black.}
(28. Nb3 Bd6 {would be a relief.}) 28... Kf8 $1 {Black still has the
possibility of drawing simplifications but he must be precise till the end.}
29. a5 (29. Rd1 {Gelfand} Be6) 29... Nb8 30. Rc1 Bd6 $1 (30... Nxc6 $6 {
would allow White some winning chances in the ending after} 31. Bxc6 Rb8 (31...
Bxf2+ {Gelfand} 32. Kxf2 Rxa5 $14) 32. Bxe5 fxe5 (32... Bxf2+ $6 33. Kxf2 fxe5
34. Ra1 $16) 33. Rxc5 $14) 31. Nxb8 (31. Rd1 Bc7 32. Nxb8 (32. Bc3 $2 Bd7)
32... Rxb8 33. a6 Rxb5 (33... Bg4 $5 {Gelfand}) 34. a7 Ra5 35. Ra1 Rxa7 36.
Rxa7 Bd6 $11 {would be the same thing.}) 31... Rxb8 32. a6 Rxb5 33. a7 Ra5 34.
Ra1 Rxa7 35. Rxa7 Kg7 $11 {Position is drawn. I was a bit surprised that
Gelfand kept on playing.} 36. Kh2 Be6 37. Ra8 Bc5 38. Kg1 h5 39. Bc1 Kg6 40.
Rh8 Bg4 41. Kg2 Kg7 42. Rb8 Be6 43. Rb5 Bd4 44. Rb8 1/2-1/2

[Event "ISR-ch op"]
[Site "Tel Aviv"]
[Date "1999.04.08"]
[Round "9"]
[White "Tyomkin, Dimitri"]
[Black "Stisis, Yaacov"]
[Result "1-0"]
[WhiteElo "2504"]
[BlackElo "2374"]
[Annotator "Tyomkin,D"]
[PlyCount "71"]
[EventDate "1999.03.28"]
[EventType "swiss"]
[EventRounds "9"]
[EventCountry "ISR"]
[SourceTitle "CBM 071"]
[Source "ChessBase"]
[SourceDate "1999.08.01"]
[SourceVersion "1"]
[SourceVersionDate "1999.08.01"]
[SourceQuality "1"]

1. d4 {That was the one of top games of the last round of Israeli open
championship.} d5 2. c4 c6 3. Nf3 Nf6 4. Nc3 e6 5. e3 Nbd7 6. Bd3 dxc4 7. Bxc4
b5 8. Bd3 a6 9. e4 c5 10. e5 {In my home-preparation I decided to check my
opponent on theoretical knowledge at first.} cxd4 11. Nxb5 Ng4 12. Qa4 Bb7 13.
Nbxd4 Qb6 14. O-O Bc5 15. h3 Nxf2 $2 {Bluff in last round game! With this
incorrect sacrifice my opponent tried to confuse me.But I succeeded to find a
way to big advantage.} (15... Bxf3 16. hxg4 {-according theory, leads to the
equal position}) 16. Rxf2 Bxf3 {[%cal Yb6c5,Yc5g1]} 17. Rxf3 O-O $146 {That's
the point! Nd7 is unviolable.} (17... Bxd4+ 18. Kh1 Bxe5 {The attempts to
protect Nd7, and then to castle, hadn't success for black:} (18... Rd8 19. Bg5)
(18... Ra7 19. Bd2 $1 $146 {[%cal Yd2b4,Yb4a5] /\Ba5!} (19. Bf4 {Foltys,
J-Rabar,B/Vienna 1949}) (19. Be4 {Hofmann,H-Fluder,S/cr EUR/M56 1960})) (18...
Qa7 19. Be4 Rc8 20. Rd3 $18 {Herrmann,F-Franke,H/cr 1953}) 19. Be3 Qxb2 (19...
Qd8 20. Be4 $18 {[%csl Ra8,Rd7][%cal Ga1d1,Ye4c6]}) 20. Rb1 Qc3 21. Bc4 $1 {
[%csl Rc3][%cal Gb1c1] /\Rc1,xQc3 intending to capture blacks queen by Rc1.}
Rb8 (21... Rc8 22. Rxf7 $1 {[%csl Re8] crashing the fortress of blacks king.})
22. Rd1 $18 {and five white pieces are attacking blacks king which stands
alone in the center and waits for his punishment!}) 18. Kh1 $1 {White passes
through a first level!} (18. Qxd7 $2 Rad8 {xQd7 There is no place for queen to
hide.} 19. Qa4 Rxd4 {[%cal Yc5g1]} 20. Bxh7+ Kh8 $1) 18... Nxe5 (18... Bxd4 19.
Qxd7) 19. Nb3 $1 {The second and the hardest one passed through!} Nxf3 20. Qe4
$1 $18 {[%csl Rf3,Rh7][%mdl 1024] /\Qh7,/\Qxf3 White had found a way to keep
fixed pawn structure on his kingside and, with two light pieces in
compensation for the rook and the pawn, leads a game to the win. Actually, to
get a point in this game, white had to discover his three last moves.The rest
is the deal of technics.} f5 21. Qxf3 Bd6 22. Be3 Qb4 23. Rd1 Kh8 24. Bd2 Qa4
25. Bc3 Ra7 (25... Qxa2 26. Bc2 $18 {[%csl Rd6][%cal Rd1a1]}) 26. Bc2 Bb8 27.
Nd4 {[%mdl 1024] Actually,white has a piece up,and from now all whites pieces
are entering to the game one-by-one.} Qe8 28. Bb4 Rff7 29. Bb3 Rab7 30. Nxe6
Rfd7 31. Rxd7 Rxd7 32. Qxf5 Rf7 33. Qd3 Qd7 34. Qe2 {The only chance of black
is tactical tricks in one move:} (34. Qc4 $4 Qxe6 {[%csl Rh1]}) 34... Qc6 35.
Nd8 Qc1+ 36. Bd1 1-0